Hospitality employee management and supervision : (Record no. 14921)
[ view plain ]
| 000 -LEADER | |
|---|---|
| fixed length control field | 00956cam a22002894a 4500 |
| 001 - CONTROL NUMBER | |
| control field | ocm67840160 |
| 003 - CONTROL NUMBER IDENTIFIER | |
| control field | PILC |
| 005 - DATE AND TIME OF LATEST TRANSACTION | |
| control field | 20150112093446.0 |
| 008 - FIXED-LENGTH DATA ELEMENTS--GENERAL INFORMATION | |
| fixed length control field | 060421s2007 njuab b 001 0 eng |
| 010 ## - LIBRARY OF CONGRESS CONTROL NUMBER | |
| LC control number | 2006013299 |
| 020 ## - INTERNATIONAL STANDARD BOOK NUMBER | |
| International Standard Book Number | 9780471745228 |
| 020 ## - INTERNATIONAL STANDARD BOOK NUMBER | |
| International Standard Book Number | 9780471745228 (pbk.) |
| 035 ## - SYSTEM CONTROL NUMBER | |
| System control number | CUA000262038 |
| 040 ## - CATALOGING SOURCE | |
| Original cataloging agency | DLC |
| Transcribing agency | DLC |
| Modifying agency | BAKER |
| -- | UKM |
| -- | BTCTA |
| -- | C#P |
| -- | YDXCP |
| -- | COO |
| -- | CVU |
| 042 ## - AUTHENTICATION CODE | |
| Authentication code | pcc |
| 049 ## - LOCAL HOLDINGS (OCLC) | |
| Holding library | CVUA |
| 050 00 - LIBRARY OF CONGRESS CALL NUMBER | |
| Classification number | TX 911.3.P4 |
| Item number | .So66 2007 |
| 082 00 - DEWEY DECIMAL CLASSIFICATION NUMBER | |
| Classification number | R 647.940683 |
| Item number | So5 2007 |
| 100 1# - MAIN ENTRY--PERSONAL NAME | |
| Personal name | Sommerville, Kerry L., |
| Dates associated with a name | 1957- |
| 9 (RLIN) | 26495 |
| 245 10 - TITLE STATEMENT | |
| Title | Hospitality employee management and supervision : |
| Remainder of title | concepts and practical applications / |
| Statement of responsibility, etc | Kerry L. Sommerville. |
| 260 ## - PUBLICATION, DISTRIBUTION, ETC. (IMPRINT) | |
| Place of publication, distribution, etc | Hoboken, N.J. : |
| Name of publisher, distributor, etc | John Wiley, |
| Date of publication, distribution, etc | 2007. |
| 300 ## - PHYSICAL DESCRIPTION | |
| Extent | 344 pages : |
| Other physical details | ill.maps ; |
| Dimensions | 24 cm. |
| 504 ## - BIBLIOGRAPHY, ETC. NOTE | |
| Bibliography, etc | Includes bibliographical references and index. |
| 650 #0 - SUBJECT ADDED ENTRY--TOPICAL TERM | |
| Topical term or geographic name as entry element | Hospitality industry |
| General subdivision | Personnel management. |
| 9 (RLIN) | 26496 |
| 910 ## - USER-OPTION DATA (OCLC) | |
| User-option data | 20070809/w/c;ckc |
| 942 ## - ADDED ENTRY ELEMENTS (KOHA) | |
| Source of classification or shelving scheme | Library of Congress Classification |
| Koha item type | Books |
| Withdrawn status | Lost status | Source of classification or shelving scheme | Damaged status | Home library | Current library | Shelving location | Date acquired | Total Checkouts | Full call number | Barcode | Date last seen | Copy number | Price effective from | Koha item type |
|---|---|---|---|---|---|---|---|---|---|---|---|---|---|---|
| Library of Congress Classification | Southville International School Affiliated with Foreign Universities Library | Southville International School Affiliated with Foreign Universities Library | Southville Foreign University Section | 10/08/2013 | TX 911.3.P4 .So66 2007 | SFU1666 | 05/15/2018 | 1 | 10/08/2013 | Books |